Dinamičeskije aspekty leksiki sovremennych slavjanskich jazykov monografija

Gespeichert in:
Bibliographische Detailangaben
1. Verfasser: Markova, Elena Michajlovna, 1960-
Körperschaft: Filozofická fakulta UCM v Trnave. Katedra rusistiky
Weitere Verfasser: Grigorjanová, Tatjana, 1960-, Remčukova, Elena Nikolajevna, Šatalova, Oľga Viktorovna
Format: Buch
Sprache:Russisch
Slowakisch
Englisch
Veröffentlicht: Brno Tribun EU 2016
Schlagworte:
Tags: Tag hinzufügen
Keine Tags, Fügen Sie das erste Tag hinzu!

MARC

LEADER 00000nam a2200000 4500
001 0248457
005 20240502083705.6
020 |a 978-80-263-0566-8 
041 0 |a rus 
041 0 |a slo 
041 0 |a eng 
044 |a CZ 
245 1 0 |a Dinamičeskije aspekty leksiki sovremennych slavjanskich jazykov  |b monografija  |c Elena Michajlovna Markova, Tatjana Grigorjanova ; recenzenty: Elena Nikolajevna Remčukova, Oľga Viktorovna Šatalova 
264 1 |a Brno  |b Tribun EU  |c 2016 
300 |a 187 s. [9 AH] 
610 2 0 |a jazykoveda 
610 2 0 |a terminológia 
610 2 0 |a jazyky cudzie 
610 2 0 |a slovníky 
610 2 0 |a lexikológia 
610 2 0 |a slovotvorba 
610 2 0 |a sémantika 
610 2 0 |a frazeológia 
610 2 0 |a Slovania 
100 1 |a Markova, Elena Michajlovna, 1960- 
700 1 |a Grigorjanová, Tatjana, 1960- 
700 1 |a Remčukova, Elena Nikolajevna 
700 1 |a Šatalova, Oľga Viktorovna 
710 2 |a Filozofická fakulta UCM v Trnave. Katedra rusistiky